01706nam a2200469 i 450000100060000000300080000600500170001400600190003100700150005000800410006502000270010602000180013303500230015103500240017403500250019803500210022304000310024405000230027508000070029808200150030524501360032025000360045626400510049230000410054333600310058433700330061533800430064849000260069150000220071758801270073965000300086665000200089665000360091665000350095265000250098765000430101265500270105570000330108270000320111583000270114785600620117430014FlNmELB20241216220535.0m o d | cr cnu||||||||150105s2013 pe o 001 0 spa d a9781413559538 (e-book) z9789972514159 a(MiAaPQ)EBC3226309 a(Au-PeEL)EBL3226309 a(CaPaEBR)ebr10995477 a(OCoLC)929775201 aFINmELBbspaerdacFINmELB 4aHD1691b.A282 2013 a330 a333.9122300aAgua e inequidad :bdiscursos, políticas y medios de vida en la región andina /cJaime Hoogesteger, Patricia Urteaga, editores. aPrimera edición en español. 1aLima :bInstituto de Estudios Peruanos,c2013. a1 recurso en línea (200 páginas) atextobtxt2rdacontent/spa acomputadorabc2rdamedia/spa arecurso en líneabcr2rdacarrier/spa1 aAgua y sociedad ;v18 aIncluye índice. aDescripción basada en recurso en línea; Título de la página del título en PDF (e-libro, visto January 05, 2015). 0aWaterxGovernment policy. 0aWater security. 0aClimatic changeszAndes Region. 4aAguaxPolítica del gobierno. 4aSeguridad hídrica. 4aCambios climáticoszRegión Andina. 4aLibros electrónicos.1 aHoogesteger, Jaime,eeditor.1 aUrteaga, Patricia,eeditor. 0aAgua y sociedad ;v18.40uhttps://elibro.net/ereader/politecnicointernacional/79517